000 00684 a2200181 4500
003 Nust
005 20170207153544.0
040 _cNust
082 _a005.8
100 _aZeshan, Muhammad (MSIS-5)
245 _aAdding security against insider attacks in semi-structured mobile Ad hoc networks
_cMuhammad Zeshan
260 _bMCS (NUST)
_c2010
_aRawalpindi
300 _axi, 38, p.
505 _aIntroduction (page-1) Security threats and secure ad hoc routing protocols (page-7) Literature review (page-16) Proposed solution (page-19) results and analysis (page-26) Conclusion and future work (page-34)
538 _a Almirah No.70 Shelf No.4
650 _aPG Thesis
651 _aMSIS-5
942 _cTHS
999 _c188563
_d188563